Nirvana Initial Word Quiz - Statistics

General Stats
  • This quiz has been taken 93 times
  • The average score is 9 of 17
Answer Stats
Initial Word Song Album % Correct
Polly Polly Nevermind
91%
Load Smells Like Teen Spirit Nevermind
91%
Come Come As You Are Nevermind
76%
Teenage Serve the Servants In Utero
71%
She Heart-Shaped Box In Utero
66%
Monkey Stay Away Nevermind
66%
Sell In Bloom Nevermind
60%
Underneath Something in the Way Nevermind
59%
Mom Sliver Incesticide
49%
One Drain You Nevermind
47%
Where Lake of Fire MTV Unplugged in New York
41%
Would Love Buzz Bleach
40%
Many Plateau MTV Unplugged in New York
37%
Portray Downer Bleach
26%
Bell Floyd the Barber Bleach
25%
Come Aneurysm Incesticide
24%
Pick Dive Incesticide
21%
No matching quizzes found
Score Distribution
Percent of People with Each Score
Percentile by Number Answered
Your Score History
You have not taken this quiz